|
|
|
|
| LEADER |
00892nam a22002537a 4500 |
| 001 |
31296 |
| 003 |
BD-DhAAL |
| 005 |
20170118153615.0 |
| 008 |
170118s1996 at ||||| |||| 00| 0 eng d |
| 020 |
|
|
|a 187535932X
|
| 040 |
|
|
|a BD-DhAAL
|c BD-DhAAL
|
| 082 |
|
|
|2 23
|a 338.06
|
| 100 |
|
|
|a Atkins, Alice
|9 20902
|
| 245 |
|
|
|a World's best from Australia :
|b the innovator /
|c Alice Atkins
|
| 260 |
|
|
|a Edgecliff, N.S.W. :
|b Focus Pub.,
|c 1996.
|
| 300 |
|
|
|a 192 pages :
|b color illustrations ;
|c 32 cm.
|
| 526 |
|
|
|a AAL
|
| 541 |
|
|
|e 31296
|
| 650 |
|
|
|a Technological innovations
|z Australia
|9 20903
|
| 710 |
|
|
|a Focus Publishing Pty Ltd.
|9 20904
|
| 852 |
|
|
|a Ayesha Abed Library
|c General Stacks
|
| 942 |
|
|
|2 ddc
|c BK
|
| 999 |
|
|
|c 37927
|d 37927
|
| 952 |
|
|
|0 0
|1 0
|2 ddc
|4 0
|6 338_060000000000000_ATK
|7 0
|9 59939
|a BRACUL
|b BRACUL
|c GEN
|d 2017-01-18
|e Complementary
|l 0
|o 338.06 ATK
|p 3010031296
|r 2017-01-18
|t 1
|w 2017-01-18
|y BK
|